Sixth Italian Conference on Theoretical Computer Science

Tallennettuna:
Bibliografiset tiedot
Yhteisötekijä: Italian Conference on Theoretical Computer Science Prato, Italy
Muut tekijät: Degano, Pierpaolo Editor/a, Vaccaro, Ugo Editor/a, Pirillo, Guiseppe Editor/a
Aineistotyyppi: Konferenssijulkaisu Kirja
Kieli:English
Julkaistu: Singapore ; River Edge, NJ : World Scientific, c1998
Tagit: Lisää tagi
Ei tageja, Lisää ensimmäinen tagi!

MARC

LEADER 00000nam a2200000Ia 4500
003 002117
005 20221231143955.0
008 140114s1998 si a 000 ||eng d
020 |a 9810236557 
040 |c cru CEDI 
082 |a 004 SE518s 
111 |a Italian Conference on Theoretical Computer Science  |c Prato, Italy  |d 1998  |9 21294 
245 |a Sixth Italian Conference on Theoretical Computer Science 
246 |a Theoretical computer science 
260 |a Singapore ; River Edge, NJ : World Scientific,   |c c1998 
300 |a ix,384 páginas ;ilustraciones  
700 |9 21291  |a Degano, Pierpaolo  |d Editor/a 
700 |9 21292  |a Vaccaro, Ugo  |d Editor/a 
700 |9 21293  |a Pirillo, Guiseppe  |d Editor/a 
942 |2 ddc  |c BK 
999 |c 15040  |d 15040